000 00897nam a22002417a 4500
999 _c64900
_d64900
005 20240530110757.0
008 190109s2017 ua g 000 p ara d
017 _a2017/11383
_bمصر. دار الكتب
020 _a9789779113203
040 _aEG-CaGPL
_cEG-CaGPL
082 0 4 _221
_a811.9 /
_bج ق
100 0 _aجابر عصفور
245 1 0 _aقصيدة الرفض :
_bقراءة فى شعر امل دنقل /
_cجابر عصفور
250 _aط.1
260 _aالقاهرة :
_bالهيئة المصرية العامة للكتاب،
_c2017.
300 _a592 ص. ؛
_c24 سم.
650 0 7 _2qrmak
_aالادب العربى
_xتاريخ ونقد
650 0 7 _2qrmak
_aالشعر العربى
_xتاريخ ونقد
650 0 7 _2qrmak
_aالشعر العربى
_xدواوين وقصائد
651 _2qrmak
942 _2ddc
_cBK